| 000 | 00450nam a2200181Ia 4500 | ||
|---|---|---|---|
| 001 | 19430 | ||
| 005 | 20260306172652.0 | ||
| 008 | 260306t2018||||xx |||||||||||||| ||spa|| | ||
| 041 | _aESP | ||
| 082 |
_a344C4 _bH36 |
||
| 100 |
_aHeydegger, Francisco R. _eAUT |
||
| 245 | 0 | _aCódigo penal & nuevo código procesal penal | |
| 260 | _c2018 | ||
| 300 |
_a1064 páginas : _c22 cm. |
||
| 650 | _aGEN | ||
| 654 | _aCDE | ||
| 942 |
_cLIB _dJUS _fJUS _2ddc _n |
||
| 999 |
_c19430 _d19430 |
||